The new Randomised Controlled Trails (RCT) movement in public policy: challenges of epistemic governance (Record no. 107311)

000 -LEADER
fixed length control field 00473pab a2200169 454500
008 - FIXED-LENGTH DATA ELEMENTS--GENERAL INFORMATION
fixed length control field 180718b2014 xxu||||| |||| 00| 0 eng d
100 ## - MAIN ENTRY--PERSONAL NAME
Personal name Pearce, Warren
245 ## - TITLE STATEMENT
Title The new Randomised Controlled Trails (RCT) movement in public policy: challenges of epistemic governance
260 ## - PUBLICATION, DISTRIBUTION, ETC.
Date of publication, distribution, etc. 2014
300 ## - PHYSICAL DESCRIPTION
Extent p.387-402.
362 ## - DATES OF PUBLICATION AND/OR SEQUENTIAL DESIGNATION
Dates of publication and/or sequential designation Dec
520 ## - SUMMARY, ETC.
Summary, etc.
650 ## - SUBJECT ADDED ENTRY--TOPICAL TERM
Topical term or geographic name entry element Public policy
700 ## - ADDED ENTRY--PERSONAL NAME
Personal name Rama, Sujatha
773 ## - HOST ITEM ENTRY
Main entry heading Policy Sciences
909 ## -
-- 107316
Holdings
Withdrawn status Lost status Damaged status Not for loan Permanent Location Current Location Date acquired Serial Enumeration / chronology Barcode Date last seen Price effective from Koha item type
        Indian Institute of Public Administration Indian Institute of Public Administration 2018-07-19 Volume no: 47, Issue no: 4 AR107776 2018-07-19 2018-07-19 Articles

Powered by Koha